Responses for show #313 - Wednesday, November 20, 1985

1985 Tournament of Champions semifinal game 3.

Contestants

Jerry Frankel, a musician and a composer originally from Buffalo, New York

Paul Boymel, an attorney from Potomac, Maryland

Ron Black, an attorney from Raleigh, North Carolina

Jeopardy! Round responses

THE ’70s
GEMS
SONGS WITH SPIRITS
POULTRY
NATIONAL PARKS
STARTS WITH “B”
    $100 25
Yellowstone Park

Ron
    $200 18
saint

Ron
    $200 2
amber

Ron
    $200 19
"The Piña Colada Song"

Ron
    $200 21
wing

Paul
    $200 14
(Alex: Features. Okay.)

natural values

Ron
    $200 23
Brazil & Bolivia

Paul
    $300 15
(Jerry: What is nude?)

topless

Jerry
Triple Stumper
    $300 7
carving (or engraving)

Jerry
    $300 6
cigarettes & (rye) whiskey

Ron
    $300 11
eggs

Jerry
    $300 1
(Ron: What is Sequoia National Park?)

Redwood National Park

RonJerry
    $300 5
beside

Paul
    $400 16
the Arab League

Paul
    $400 8
(Ron: What is mica?)

opal

Ron
Triple Stumper
    $400 20
Madeira

Triple Stumper
    $400 12
(Jerry: What are males?)
(Paul: What are females?)
(Ron: What are sterilized males?)

young hens

RonPaulJerry
Triple Stumper
    $400 3
Mammoth Cave National Park

Ron
    $400 10
bulimia

Ron
    $500 17
Allan Bakke

Paul
    $500 9
color

Paul
    $300 22
(Paul: What is "Tequila"?)

"One Mint Julep"

Paul
    $500 13
grouse

Triple Stumper
    $500 4
Alaska

Triple Stumper
    $500 24
Balmoral Castle

Jerry

Scores at the first commercial break (after clue 12):

Ron Paul Jerry
$200 $400 $500

Scores at the end of the Jeopardy! Round:

Ron Paul Jerry
$900 $1,400 $700

Double Jeopardy! Round responses

THE CONTINENTS
CHURCHES & CATHEDRALS
LITERARY TRIVIA
NAVIGATION
COMPOSERS
TEETH
    $200 7
Australia

Paul
    $200 5
Greek

Paul
    $200 12
Sinclair Lewis

Paul
    $200 16
(Ron: Who is Liszt?)

Chopin

RonPaul
    $400 19
4

Ron
    $400 4
bishop

Jerry
    $400 9
Tolstoy

Ron
    $400 10
(Jerry: What is follow the North Star?)

second star to the right and on till morning

PaulJerry
    $400 14
Verdi

Jerry
    $400 28
(Ron: what is plaque?)

calculus

Ron
Triple Stumper
    $600 13
Urals

Jerry
    $600 3
west

Triple Stumper
    $600 6
(Jerry: Who is Erich Maria Remarque?)

Hemingway

RonJerry
    $600 26
log

Ron
    $600 15
(Paul: Who is Meyerberg?)

Prokofiev

PaulJerry
    $600 27
incisors

Ron
    $2,100 20
River Plate (Orinoco, San Francisco, or Magdalena)

Ron
    $800 1
apse

Jerry
    $800 8
Willa Cather

Jerry
    $800 25
sextant

Jerry
    $800 17
Russian

Jerry
    $800 24
malocclusion

Paul
    $1000 21
(Ron: What is Gondwanaland?)

Pangaea

Ron
Triple Stumper
    $1000 2
Seville

Jerry
    $1000 11
Graham Greene

Jerry
    $1000 22
(Ron: What are currents?)
(Paul's unanticipated response was ruled incorrect, but then reversed before FJ.)

landmarks (buoys)

RonPaul
    $2,000 18
Italy & Scotland

Jerry
    $1000 23
dentin

Triple Stumper

Scores at the end of the Double Jeopardy! Round:

Ron Paul Jerry
$3,000 $3,800 $8,900
(lock game)

[wagering suggestions for these scores]

Final Jeopardy! Round responses

THE OSCARS
RonWho are Maggie Smith & May
$1,228
PaulWho are
$3,800
JerryWho are Julie Andrews & Julie Christie?
$100
Julie Andrews & Julie Christie

Final scores:

Ron Paul Jerry
$1,772 $0 $9,000
2nd place 3rd place Finalist

Game dynamics:

Coryat scores:

Ron Paul Jerry
$1,700 $4,100 $7,900
14 R
(including 1 DD),
7 W
13 R,
3 W
(including 1 DD)
15 R
(including 1 DD),
4 W

Combined Coryat: $13,700

The J! Archive is created by fans, for fans. The Jeopardy! game show and all elements thereof, including but not limited to copyright and trademark thereto, are the property of Jeopardy Productions, Inc. and are protected under law. This website is not affiliated with, sponsored by, or operated by Jeopardy Productions, Inc. Join the discussion at JBoard.tv.